Tokyo Revengers (Manga characters) - Statistics

General Stats
  • This quiz has been taken 458 times
  • The average score is 10 of 20
Answer Stats
Hint Answer hint Answer % Correct
1 Mikey 21 Baji
96%
4 Draken 24 Wakasa
94%
2 Takemichi 22 Chifuyu
92%
11 Hina
74%
3 Emma 23 Kazutora
62%
8 Kisaki
61%
15 Hanma
57%
5 Izana 25 Benkei
55%
6 Hakkai
52%
16 Senju
51%
19 Taiju
50%
9 Koko
48%
12 Naoto
47%
13 Shinichiro
46%
20 Sanzu
43%
7 Yuzuha
39%
10 Inupi
36%
17 Akkun
24%
14 Yamagishi
9%
18 Truck-kun
0%
No matching quizzes found
Score Distribution
Percent of People with Each Score
Percentile by Number Answered
Your Score History
You have not taken this quiz